| 000 | 00573nam a22001817a 4500 | ||
|---|---|---|---|
| 003 | LK-CoDNM | ||
| 005 | 20241106142746.0 | ||
| 008 | 241106b |||||||| |||| 00| 0 eng d | ||
| 040 |
_aLK-CoDNM _dLK-CoDNM _eLK-CoDNM |
||
| 041 | _asin | ||
| 080 |
_aප්ර.ස _b2 |
||
| 245 |
_aසරසවිසදරැස - 1885 අප්රේල් _b 4 කාණ්ඩය 37පත්රය |
||
| 260 | _c1885 | ||
| 300 | _a2p. : 50 cm | ||
| 650 | _aප්ර.ස2 | ||
| 650 | _aසරසවිසදරැස - 1884 අප්රේල් | ||
| 942 | _cBK | ||
| 999 |
_c227806 _d227806 |
||